| 000 | 00758nac a22002051u 4500 | ||
|---|---|---|---|
| 010 | _a96008873 | ||
| 020 | _a0077091760 (alk. paper) | ||
| 020 | _a0070598770 | ||
| 082 | 0 | 0 |
_a005.1 _bP9494 |
| 090 |
_c727 _d727 |
||
| 100 | _aPriestley, Mark. | ||
| 245 | 1 | 0 |
_aPractical object-oriented design / _cMark Priestley. |
| 250 | _a2nd ed. | ||
| 260 |
_aNew Delhi : _bMcGraw-Hill, _cc2005. |
||
| 300 |
_axiii, 357 p. : _bill. ; _c24 cm. |
||
| 504 | _aIncludes bibliographical references (p. 328-329) and index. | ||
| 650 | 0 | _aObject-oriented programming (Computer science) | |
| 942 |
_cBB _k005.1P9494 |
||
| 999 |
_c727 _d727 |
||